000 00306nam a22001337a 4500
008 171003b xxu||||| |||| 00| 0 eng d
020 _a9780195102598
041 _aeng
080 _27 ED
_a159.9
100 _a48
101 _aPSI
245 _aPSYCHIATRIC DICTIONARY
_cCAMPBELL.R.J
942 _2udc
_cBK
999 _c31404
_d31404